| 000 | 00712nam a2200205Ii 4500 | ||
|---|---|---|---|
| 003 | JO-AjNU | ||
| 008 | 230606s9999||||xx |||||||||||||| ||und|| | ||
| 020 | _a92-1-112457-3 | ||
| 040 |
_aJO-AjNU _beng _erda _cJO-AjNU |
||
| 041 | _aeng | ||
| 050 | 1 | 4 | _aHF5630 .G83 1999 |
| 100 | 3 |
_a United Nations Conference on Trade and Development, _eauthor _93429 |
|
| 245 | 0 | 0 | _aGuideline on national Requirements for The Qualification of Professional Accountants |
| 264 | 3 | 1 | _aNew York : United Nations, 1999 |
| 300 | _a92p | ||
| 336 |
_atext _btxt _2rdacontent |
||
| 337 |
_aunmediated _bn _2rdamedia |
||
| 338 |
_avolume _bnc _2rdacarrier |
||
| 650 | 4 |
_aAccountants-Certification-Accounting-Study and teaching. _93430 |
|
| 999 |
_aE1790 _c1790 _d1790 |
||